Word Ladder: Heed The Ladder! Quiz Stats

 Plays Quiz Updated Aug 3, 2012

Support Sporcle.
Go Orange.
Score 0/17 Timer 02:00
1 Play Today
Hint Word % Correct
✆ROCK N' ______✆ROLL✆
99.8%
Part in a playROLE
95%
✆ ____ TO THE FUTURE ✆✆ BACK ✆
93.9%
✆ DEEP AFFECTION ✆✆ LOVE ✆
93.1%
WanderROVE
86.4%
Nirvana or GenesisBAND
82.1%
Big and ____ ShopTALL
79.8%
ConverseTALK
77.1%
Dillinger targetBANK
76.4%
Hint Word % Correct
Saddle, bridle, stirrup, etc.TACK
75.8%
____ Alfred TennysonLORD
74.2%
Strap togetherBIND
73%
Pork productLARD
71%
Shakespeare, e.g.BARD
70.5%
Scroll contentLORE
70.2%
✆ TANAGER, BUNTING, or TOWHEE ✆✆ BIRD ✆
61.2%
✆ COMMON BOND ✆✆ CALL ✆
20.3%

Today's Daily Dose

You're not logged in!

Compare scores with friends on all Sporcle quizzes.
OR
Log In
Remove Ads.
Support Sporcle.
Get the best of Sporcle when you Go Orange. This ad-free experience offers more features, more stats, and more fun while also helping to support Sporcle. Thank you for becoming a member.

Show Comments

Extras

Top Quizzes Today


Score Distribution

Your Account Isn't Verified!

In order to create a playlist on Sporcle, you need to verify the email address you used during registration. Go to your Sporcle Settings to finish the process.

Report this User

Report this user for behavior that violates our Community Guidelines.

Details: